[Event "World Blitz 2016"]
[Site "Doha QAT"]
[Date "2016.12.29"]
[Round "4.36"]
[White "Amin, Bassem"]
[Black "Hirneise, Tobias"]
[Result "0-1"]
[WhiteTitle "GM"]
[BlackTitle "IM"]
[WhiteElo "2662"]
[BlackElo "2466"]
[WhiteFideId "10601457"]
[BlackFideId "24600881"]
[EventDate "2016.12.29"]

1. e4 e5 2. Nf3 Nc6 3. Bc4 Bc5 4. O-O Nf6 5. d3 d6 6. c3 a6 7. Bb3 Ba7 8. h3 h6
9. Re1 g5 10. Nh2 g4 11. hxg4 Rg8 12. g5 hxg5 13. Be3 Bxe3 14. Rxe3 Qe7 15. Nd2
Bd7 16. Ba4 O-O-O 17. b4 Rh8 18. Ndf1 d5 19. b5 axb5 20. Bxb5 d4 21. Re1 dxc3
22. Qa4 Kb8 23. Rab1 Na7 24. Bxd7 Nxd7 25. Ng3 Nb6 26. Qc2 Qc5 27. Rb3 Nb5 28.
Nf3 g4 29. Reb1 c6 30. a4 Nxa4 31. Rb4 Nb6 32. Ng5 Rd7 33. Nf5 Rhd8 34. Nh7 0-1

[Event "World Blitz 2016"]
[Site "Doha QAT"]
[Date "2016.12.29"]
[Round "4.37"]
[White "Lalith, Babu M R"]
[Black "Vallejo Pons, Francisco"]
[Result "0-1"]
[WhiteTitle "GM"]
[BlackTitle "GM"]
[WhiteElo "2587"]
[BlackElo "2711"]
[WhiteFideId "5024595"]
[BlackFideId "2205530"]
[EventDate "2016.12.29"]

1. d4 e6 2. Nf3 f5 3. c4 Nf6 4. g3 d5 5. Bg2 Bd6 6. O-O O-O 7. b3 b6 8. Ba3 Bb7
9. Bxd6 cxd6 10. Nbd2 Nbd7 11. Qc1 dxc4 12. bxc4 Ne4 13. Nxe4 Bxe4 14. Qe3 Qe7
15. a4 Rac8 16. Rfc1 Rc7 17. a5 Rfc8 18. Nd2 Bxg2 19. Kxg2 b5 20. Qb3 a6 21. Rc2
Nb8 22. Rac1 Nc6 23. Qe3 Nxa5 24. c5 dxc5 25. Rxc5 Rxc5 26. dxc5 Nc6 27. Nf3 Rd8
28. Qb3 b4 29. Kg1 a5 30. Qc4 Rd5 31. Qb5 Qd7 32. Kg2 h6 33. h4 e5 34. Qc4 Kh7
35. e4 fxe4 36. Qxe4+ Kg8 37. Qc4 Qf7 38. h5 Rd8 39. Qe2 b3 40. Kg1 a4 41. Qe4
Qd5 42. Qg4 b2 43. Re1 a3 44. Nh4 a2 45. Nf5 Qd7 46. Nxh6+ Kh8 47. Qg6 b1=Q 0-1

[Event "World Blitz 2016"]
[Site "Doha QAT"]
[Date "2016.12.29"]
[Round "4.38"]
[White "Maghsoodloo, Parham"]
[Black "Borisek, Jure"]
[Result "1-0"]
[WhiteTitle "GM"]
[BlackTitle "GM"]
[WhiteElo "2584"]
[BlackElo "2561"]
[WhiteFideId "12539929"]
[BlackFideId "14603152"]
[EventDate "2016.12.29"]

1. c4 c5 2. Nc3 g6 3. g3 Bg7 4. Bg2 Nc6 5. e3 e5 6. Nge2 Nge7 7. O-O O-O 8. a3
a5 9. d3 d6 10. Rb1 Rb8 11. Bd2 Be6 12. Nd5 b5 13. Nec3 b4 14. axb4 axb4 15.
Nxe7+ Nxe7 16. Nd5 Nxd5 17. cxd5 Bd7 18. Ra1 Ra8 19. Qb3 Qb6 20. Rfc1 Ra6 21.
Bf1 Ra7 22. e4 Rfa8 23. Qd1 f5 24. h4 f4 25. gxf4 exf4 26. Bxf4 Bxb2 27. Rxa7
Rxa7 28. Rb1 Bd4 29. Qf3 Ra2 30. Be3 Bxe3 31. Qxe3 Qd8 32. Qf4 Qe7 33. d4 cxd4
34. Rxb4 Ra1 35. Kg2 Rd1 36. Be2 Re1 37. Bf3 d3 38. Rb3 Kg7 39. Rxd3 Qf6 40.
Qxf6+ Kxf6 41. Ra3 h5 42. Ra6 Ke5 43. Kg3 Bg4 44. Bg2 Rc1 45. f4+ Kd4 46. Rxd6
Rc3+ 47. Kh2 Rc2 48. Rxg6 Bf3 49. d6 Kxe4 50. Kg1 Rc1+ 51. Kh2 Rc2 52. Kg1 Rc1+
53. Kf2 Rc2+ 54. Kf1 Rc1+ 55. Kf2 Rc2+ 56. Kg1 Rc1+ 57. Bf1 Rd1 58. Kf2 Bg4 59.
Rf6 Bf5 60. Bg2+ Kxf4 61. Bh3 Rd2+ 62. Ke1 Rxd6 63. Rxd6 Bxh3 64. Kf2 Bf5 65.
Rd4+ Be4 66. Rb4 1-0

[Event "World Blitz 2016"]
[Site "Doha QAT"]
[Date "2016.12.29"]
[Round "4.39"]
[White "Tari, Aryan"]
[Black "Fressinet, Laurent"]
[Result "0-1"]
[WhiteTitle "GM"]
[BlackTitle "GM"]
[WhiteElo "2584"]
[BlackElo "2672"]
[WhiteFideId "1510045"]
[BlackFideId "608742"]
[EventDate "2016.12.29"]

1. d4 Nf6 2. c4 g6 3. Nc3 Bg7 4. g3 O-O 5. Bg2 d6 6. Nf3 Nc6 7. O-O Bf5 8. Be3
Ne4 9. Nxe4 Bxe4 10. d5 Na5 11. Bd4 c5 12. Bxg7 Kxg7 13. Qd2 Rb8 14. a4 Qb6 15.
Qe3 Bxf3 16. exf3 Qxb2 17. Qxe7 Qf6 18. Qxf6+ Kxf6 19. Rac1 Rfe8 20. Rc2 Re7 21.
Rb1 Rbe8 22. Kf1 b6 23. Bh3 g5 24. Bg4 Kg6 25. h4 f5 26. Bh3 gxh4 27. gxh4 Kf6
28. Bg2 Rg8 29. Rc3 Reg7 30. Re1 Rxg2 31. Re6+ Kf7 32. Rxd6 Rg1+ 33. Ke2 Re8+
34. Kd2 Rf1 35. Rd7+ Re7 36. Rxe7+ Kxe7 37. Ke2 Rh1 38. Re3+ Kd7 39. Re5 Rxh4
40. Rxf5 Nxc4 0-1

[Event "World Blitz 2016"]
[Site "Doha QAT"]
[Date "2016.12.29"]
[Round "4.40"]
[White "Mareco, Sandro"]
[Black "Potapov, Pavel"]
[Result "1/2-1/2"]
[WhiteTitle "GM"]
[BlackTitle "GM"]
[WhiteElo "2635"]
[BlackElo "2493"]
[WhiteFideId "112275"]
[BlackFideId "4169786"]
[EventDate "2016.12.29"]

1. Nf3 f5 2. c4 Nf6 3. g3 g6 4. Bg2 Bg7 5. O-O d6 6. d4 O-O 7. Nc3 c6 8. Rb1 Qc7
9. b3 e5 10. dxe5 dxe5 11. e4 f4 12. Ba3 Rd8 13. Qc2 Bg4 14. Ne2 Bxf3 15. Bxf3
g5 16. Rbd1 g4 17. Rxd8+ Qxd8 18. Rd1 Nbd7 19. Bh1 f3 20. Nc1 Qe8 21. h3 h5 22.
Nd3 Nf8 23. Bb2 Ng6 24. Qd2 Rd8 25. Qg5 Nxe4 26. Qxh5 Nc5 27. Qf5 Nxd3 28. Rxd3
Rxd3 29. Qxd3 e4 30. Qd2 e3 31. fxe3 Bxb2 32. hxg4 Be5 33. Kf2 Qb8 34. Bxf3
Bxg3+ 35. Ke2 Qd6 36. Qc2 Be5 37. Qf5 Bc3 38. Qc8+ Nf8 39. Qxb7 Qd2+ 40. Kf1
Qxe3 41. Qxc6 Bd4 42. Qd5+ Ne6 1/2-1/2

[Event "World Blitz 2016"]
[Site "Doha QAT"]
[Date "2016.12.29"]
[Round "4.41"]
[White "Salinas Herrera, Pablo"]
[Black "Khusnutdinov, Rustam"]
[Result "1-0"]
[WhiteTitle "IM"]
[BlackTitle "GM"]
[WhiteElo "2466"]
[BlackElo "2458"]
[WhiteFideId "3407128"]
[BlackFideId "13701703"]
[EventDate "2016.12.29"]

1. e4 e6 2. b3 b6 3. Bb2 Bb7 4. Qe2 c5 5. g3 Nc6 6. Nf3 Nf6 7. d3 d5 8. exd5
Qxd5 9. Nc3 Qd7 10. Ne4 Be7 11. Bg2 Nxe4 12. dxe4 O-O 13. O-O Rfd8 14. Rfd1 Qc7
15. h4 e5 16. c3 Bc8 17. Ne1 Be6 18. Nc2 c4 19. b4 a5 20. a3 axb4 21. axb4 Rxa1
22. Bxa1 Bf8 23. Ne3 Ne7 24. Rxd8 Qxd8 25. Nxc4 Nc6 26. Ne3 Qa8 27. Qb2 Qa4 28.
Bf3 Ne7 29. Bd1 Qd7 30. Qc1 b5 31. Be2 Nc8 32. c4 bxc4 33. Nxc4 f6 34. Qc3 Na7
35. Nb6 Qb7 36. Nd5 Nb5 37. Qc4 Nd6 38. Nxf6+ Kf7 39. Bh5+ Kxf6 40. Bxe5+ Ke7
41. Qc5 Kd7 42. Bf3 Be7 43. Qd4 Qc6 44. Kg2 g6 45. b5 Qc4 46. Qa7+ Qc7 47. b6 1-0

[Event "World Blitz 2016"]
[Site "Doha QAT"]
[Date "2016.12.29"]
[Round "4.42"]
[White "Atabayev, Maksat"]
[Black "Zhang, Zhong"]
[Result "1-0"]
[WhiteTitle "GM"]
[BlackTitle "GM"]
[WhiteElo "2492"]
[BlackElo "2645"]
[WhiteFideId "14001101"]
[BlackFideId "8600694"]
[EventDate "2016.12.29"]

1. e4 e5 2. Nf3 Nc6 3. Bc4 Bc5 4. c3 Nf6 5. d3 d6 6. Bb3 Bb6 7. O-O O-O 8. Nbd2
h6 9. Nc4 Be6 10. Nxb6 Bxb3 11. axb3 axb6 12. Be3 Rxa1 13. Qxa1 d5 14. exd5 Qxd5
15. Qd1 Rd8 16. Ne1 Qe6 17. Qc2 Qf5 18. f3 Nd5 19. Bc1 Nce7 20. Qe2 Ng6 21. g3
Nf6 22. b4 b5 23. Qe3 c6 24. Rf2 Nd5 25. Qa7 Qd7 26. Re2 Nde7 27. Be3 Nc8 28.
Qa2 Kh7 29. Bf2 Nd6 30. Qa7 Nc8 31. Qa2 Nd6 32. Qa7 Nc8 33. Qa1 Nd6 34. Qa7 f5
35. Qa1 Nf7 36. d4 Qd5 37. Qb1 exd4 38. Bxd4 Ng5 39. Kg2 Ne6 40. Rd2 Rf8 41. Nc2
Nxd4 42. Nxd4 Qf7 43. Re2 Kg8 44. Qe1 Rd8 45. f4 Qd5+ 46. Kg1 Kh7 47. Qb1 Rf8
48. Qf1 Rd8 49. Qg2 Qf7 50. Qf3 Nf8 51. Qd3 g6 52. Qe3 Kg8 53. Qe7 Rd7 54. Qe8
Qxe8 55. Rxe8 Kf7 56. Rb8 Ne6 57. Nf3 Kf6 58. Kf2 g5 59. Ne5 Rd2+ 60. Ke3 Rxb2
61. Rxb7 gxf4+ 62. gxf4 Nxf4 63. Kxf4 Rf2+ 64. Nf3 Rc2 65. Rh7 Rxc3 66. Rxh6+
Kg7 67. Rd6 c5 68. bxc5 Rxc5 69. h4 b4 70. Rb6 Rc4+ 71. Kxf5 Rc3 72. Ng5 b3 73.
Rb7+ Kg8 74. h5 Rc5+ 75. Kf4 Rc4+ 76. Ne4 Ra4 77. Rxb3 Kh7 78. Rb6 Rc4 79. Kf5
Ra4 80. Ng5+ Kg8 81. Kg6 Ra8 82. h6 1-0

[Event "World Blitz 2016"]
[Site "Doha QAT"]
[Date "2016.12.29"]
[Round "4.43"]
[White "Pantsulaia, Levan"]
[Black "Belyakov, Bogdan"]
[Result "0-1"]
[WhiteTitle "GM"]
[BlackTitle "IM"]
[WhiteElo "2607"]
[BlackElo "2487"]
[WhiteFideId "13602071"]
[BlackFideId "24104795"]
[EventDate "2016.12.29"]

1. Nf3 Nf6 2. g3 g6 3. b3 Bg7 4. Bb2 c5 5. c4 O-O 6. Bg2 Nc6 7. O-O d6 8. d4 a6
9. Nc3 Rb8 10. d5 Na5 11. Nd2 b5 12. Qc2 e5 13. dxe6 Bxe6 14. cxb5 axb5 15. Nce4
c4 16. b4 Nb7 17. Nxf6+ Bxf6 18. Ne4 Bxb2 19. Qxb2 f6 20. Rad1 Qe7 21. Nc3 Nd8
22. Qd2 Nf7 23. Qd4 Ne5 24. Qxd6 Qxd6 25. Rxd6 Kf7 26. Rfd1 g5 27. h3 Rfe8 28.
f4 gxf4 29. gxf4 Ng6 30. e3 Nh4 31. Bc6 Re7 32. Kf2 Nf5 33. Bxb5 Nxd6 34. Rxd6
Reb7 35. a4 Ke7 36. Rd1 Rd8 37. Rg1 Kf7 38. Ne4 Bxh3 39. Nc5 Rd2+ 40. Kf3 Rxb5
41. axb5 Rb2 42. Ra1 Rxb4 43. Ra7+ Kg6 44. e4 Rxb5 45. f5+ Bxf5 46. exf5+ Kxf5
47. Rc7 h5 48. Nd7 Rb3+ 49. Ke2 Rd3 50. Nb6 Rd4 51. Nxc4 h4 52. Ne3+ Kg6 53. Kf3
Ra4 54. Rc6 Kg5 55. Rc5+ Kg6 56. Nf5 Kg5 57. Nd6+ Kg6 58. Ne4 h3 59. Nf2 Ra3+
60. Kg4 h2 61. Rc1 Ra2 62. Kg3 f5 63. Nh3 Kh5 64. Nf4+ Kg5 65. Ng2 f4+ 66. Kh3
f3 67. Ne3 Kf4 68. Nd5+ Ke5 69. Nb4 Rd2 70. Kg3 Rg2+ 71. Kxf3 Rg1 72. Nd3+ Kd4 0-1

[Event "World Blitz 2016"]
[Site "Doha QAT"]
[Date "2016.12.29"]
[Round "4.44"]
[White "Xu, Yi"]
[Black "Inarkiev, Ernesto"]
[Result "0-1"]
[WhiteTitle "IM"]
[BlackTitle "GM"]
[WhiteElo "2430"]
[BlackElo "2709"]
[WhiteFideId "8605564"]
[BlackFideId "4162722"]
[EventDate "2016.12.29"]

1. e4 e5 2. Nf3 Nc6 3. Bc4 Bc5 4. c3 Nf6 5. d3 a6 6. a4 d6 7. O-O O-O 8. h3 h6
9. Re1 Ba7 10. Na3 Ne7 11. d4 exd4 12. Nxd4 Ng6 13. Bb3 Re8 14. Bc2 Bd7 15. Nf5
Bxf5 16. exf5 Ne5 17. Bf4 c6 18. Qd2 Qc7 19. Rad1 Rad8 20. Bb3 Bb8 21. Nc4 Qc8
22. Ne3 d5 23. Bh2 Ned7 24. Bxb8 Qxb8 25. Bc2 Qf4 26. Qe2 Nc5 27. Rd4 Qc7 28.
Qf3 a5 29. Rdd1 Nce4 30. Ng4 Nxg4 31. Qxg4 Nf6 32. Qd4 Rxe1+ 33. Rxe1 Re8 34.
Rxe8+ Nxe8 35. g4 Nf6 36. Kg2 Qe7 37. Bd3 Nd7 38. Qa7 Nc5 39. f6 gxf6 40. Bf5
Nxa4 41. Qxa5 Nxb2 42. Qa8+ Kg7 43. Bc8 Qe4+ 44. Kg3 Nd3 45. Qa7 Qe5+ 46. Kg2
Qxc3 47. Qxb7 Nf4+ 48. Kg1 Qe1+ 0-1

[Event "World Blitz 2016"]
[Site "Doha QAT"]
[Date "2016.12.29"]
[Round "4.45"]
[White "Al-Sayed, Mohammed"]
[Black "Tregubov, Pavel V."]
[Result "0-1"]
[WhiteTitle "GM"]
[BlackTitle "GM"]
[WhiteElo "2508"]
[BlackElo "2585"]
[WhiteFideId "12100196"]
[BlackFideId "4115341"]
[EventDate "2016.12.29"]

1. d4 Nf6 2. Nf3 e6 3. Bg5 d5 4. c3 b6 5. Nbd2 Bb7 6. e3 Be7 7. Ne5 O-O 8. Bd3
c5 9. O-O Nc6 10. f4 Nxe5 11. fxe5 Ne4 12. Bxe7 Qxe7 13. Bxe4 dxe4 14. Qg4 cxd4
15. exd4 e3 16. Ne4 Ba6 17. Rf4 Bd3 18. Re1 e2 19. Qf3 Ba6 20. Rg4 Kh8 21. Qg3
f5 22. exf6 gxf6 23. Qh4 Rae8 24. Ng3 e5 25. Nf5 Qd7 26. Nh6 exd4 27. Rxd4 Qe6
28. c4 f5 29. Qf4 Qe3+ 30. Qxe3 Rxe3 31. Rd7 Bxc4 32. b3 Bb5 33. Nf7+ Kg7 34.
Rd5 Ba6 35. Re5 Rxe5 36. Nxe5 Rc8 37. Nc4 Bxc4 38. bxc4 Rxc4 39. Rxe2 Ra4 40.
Kf2 Kf6 41. Rc2 Ke5 42. Rd2 h5 43. g3 h4 44. gxh4 Rxh4 45. Kg3 Ra4 46. h4 Ra3+
47. Kg2 Kf4 48. h5 Kg5 49. Rf2 Ra5 50. Kf3 Kxh5 51. Kf4 Kg6 52. Rd2 Kf6 53. Rd6+
Ke7 54. Rd2 Ke6 55. Kg5 Ke5 56. Re2+ Kd4 57. Kf4 Kd3 58. Rh2 Kc3 59. Ke3 Ra4 60.
Rf2 f4+ 61. Kf3 b5 62. Re2 a6 63. Rh2 a5 64. Re2 b4 65. Rh2 b3 66. axb3 Kxb3 67.
Rh8 Rb4 0-1

[Event "World Blitz 2016"]
[Site "Doha QAT"]
[Date "2016.12.29"]
[Round "4.46"]
[White "Hirneise, Jens"]
[Black "Bindrich, Falko"]
[Result "0-1"]
[WhiteTitle "FM"]
[BlackTitle "GM"]
[WhiteElo "2315"]
[BlackElo "2590"]
[WhiteFideId "24614734"]
[BlackFideId "4676670"]
[EventDate "2016.12.29"]

1. e4 e5 2. Nf3 Nc6 3. Bb5 Nf6 4. d3 Bc5 5. c3 O-O 6. O-O d6 7. Nbd2 Ne7 8. Re1
Ng6 9. Nf1 a6 10. Ba4 b5 11. Bb3 Bb7 12. Ng3 h6 13. h3 Re8 14. Nh2 d5 15. Qf3
Bf8 16. Ng4 Nxg4 17. Qxg4 c5 18. Bc2 c4 19. dxc4 dxc4 20. Be3 Bc8 21. Nf5 Be6
22. a4 b4 23. cxb4 Bxb4 24. Red1 Qf6 25. Qf3 Bxf5 26. exf5 Nf4 27. Bxf4 exf4 28.
Be4 Rad8 29. Bd5 Qxf5 30. Bxc4 a5 31. b3 Qf6 32. Rxd8 Rxd8 33. Rd1 Rxd1+ 34.
Qxd1 g6 35. Qe2 Kg7 36. Kh2 Bd6 37. Qf3 h5 38. Kg1 Qa1+ 39. Bf1 Qe5 40. Qd3 f3
41. g3 Qf6 42. Qd5 h4 43. gxh4 Qf4 44. Bc4 Qh2+ 45. Kf1 Qh1# 0-1

[Event "World Blitz 2016"]
[Site "Doha QAT"]
[Date "2016.12.29"]
[Round "4.47"]
[White "Saeed, Ishaq"]
[Black "Christiansen, Johan-Sebastian"]
[Result "0-1"]
[WhiteTitle "FM"]
[BlackTitle "IM"]
[WhiteElo "2312"]
[BlackElo "2429"]
[WhiteFideId "9301453"]
[BlackFideId "1512668"]
[EventDate "2016.12.29"]

1. d4 Nf6 2. c4 c5 3. e3 cxd4 4. exd4 d5 5. Nc3 Nc6 6. Nf3 e6 7. a3 Bd6 8. Bd3
dxc4 9. Bxc4 O-O 10. O-O b6 11. Bg5 Be7 12. Qd3 Bb7 13. Rad1 h6 14. Bc1 Qc8 15.
Rfe1 Rd8 16. Ba2 Ba6 17. Qc2 Bf8 18. Bb1 Ne7 19. Ne5 h5 20. Re3 Nf5 21. Rh3 Rxd4
22. Re1 Bd6 23. Bg5 Bxe5 24. Rxe5 Ng4 25. Be3 Bd3 26. Qc1 Rd7 27. Rb5 Bxb5 28.
Bxf5 exf5 29. Rxh5 g6 30. Rh4 Bd3 31. h3 Nf6 32. Bf4 Ne4 33. Be5 f6 34. Qh6 Kf7
35. Qh7+ Ke6 36. Qxg6 Kxe5 37. Nxe4 Bxe4 38. f4+ Ke6 39. Rh6 Qc1+ 40. Kh2 Qxf4+ 0-1

[Event "World Blitz 2016"]
[Site "Doha QAT"]
[Date "2016.12.29"]
[Round "4.48"]
[White "Kayumov, Sergey"]
[Black "Mchedlishvili, Mikheil"]
[Result "0-1"]
[WhiteTitle "GM"]
[BlackTitle "GM"]
[WhiteElo "2505"]
[BlackElo "2601"]
[WhiteFideId "14200880"]
[BlackFideId "13600966"]
[EventDate "2016.12.29"]

1. d4 Nf6 2. Bf4 g6 3. e3 Bg7 4. h3 O-O 5. Nf3 d6 6. Be2 Nfd7 7. O-O e5 8. Bh2
f5 9. c4 Nc6 10. Nc3 e4 11. Ne1 Nf6 12. Nc2 Ne7 13. b4 g5 14. f3 exf3 15. Bxf3
g4 16. hxg4 fxg4 17. Be4 Nxe4 18. Rxf8+ Qxf8 19. Nxe4 Nf5 20. Bf4 Qe7 21. Ng3
Nxg3 22. Bxg3 Bf5 23. Bf4 Re8 24. Qd2 Qh4 25. g3 Qh5 26. Rc1 Be4 27. Qh2 Qg6 28.
Ne1 Qf7 29. Qf2 Qe6 30. Ng2 Rf8 31. c5 d5 32. b5 Rf7 33. c6 b6 34. a4 Bf8 35.
Nh4 Be7 36. Ng2 Rf5 37. Kf1 Rh5 38. Ke2 Rh2 39. Rg1 Bf3+ 40. Kd2 Qe4 41. Kc3
Rxg2 42. Rxg2 Bxg2 43. Bxc7 Bf3 44. Bf4 Qb1 45. Qc2 Qb4+ 46. Kd3 Be4+ 47. Ke2
Bxc2 48. c7 Qc4+ 0-1

[Event "World Blitz 2016"]
[Site "Doha QAT"]
[Date "2016.12.29"]
[Round "4.49"]
[White "Henriquez Villagra, Cristobal"]
[Black "Gholami, Aryan"]
[Result "0-1"]
[WhiteTitle "IM"]
[BlackTitle "IM"]
[WhiteElo "2517"]
[BlackElo "2422"]
[WhiteFideId "3409350"]
[BlackFideId "12513342"]
[EventDate "2016.12.29"]

1. e4 c5 2. Nf3 g6 3. g3 Bg7 4. Bg2 Nc6 5. O-O e6 6. c3 Nge7 7. d4 cxd4 8. cxd4
d5 9. e5 O-O 10. b3 f6 11. exf6 Bxf6 12. Bh6 Re8 13. Nc3 Nf5 14. Be3 Bg7 15. Qd2
Nxe3 16. fxe3 Bd7 17. Rf2 Rf8 18. h4 Rc8 19. Raf1 Qa5 20. Ng5 h6 21. Nf7 Qc7 22.
Kh2 Ne7 23. Ne2 Nf5 24. Ne5 Bxe5 25. dxe5 Qxe5 26. Nf4 Kh7 27. e4 Nxg3 28. Kxg3
g5 29. hxg5 hxg5 30. exd5 gxf4+ 31. Rxf4 exd5 32. Qxd5 Rg8+ 33. Kh2 Qxd5 34.
Bxd5 Rc2+ 35. Kh1 Bc6 36. Rh4+ Kg7 37. Rg4+ Kh6 38. Rh4+ Kg5 39. Bxc6 Kxh4 40.
Be4 Rc7 41. Rf2 Rg3 42. Rf4+ Rg4 0-1

[Event "World Blitz 2016"]
[Site "Doha QAT"]
[Date "2016.12.29"]
[Round "4.50"]
[White "Darini, Pouria"]
[Black "Stratonowitsch, Andre"]
[Result "1-0"]
[WhiteTitle "GM"]
[WhiteElo "2511"]
[BlackElo "2138"]
[WhiteFideId "12502200"]
[BlackFideId "24613959"]
[EventDate "2016.12.29"]

1. e4 c5 2. Nf3 e6 3. d4 cxd4 4. Nxd4 Nc6 5. Nc3 Qc7 6. Be3 a6 7. Qf3 Bb4 8.
Nxc6 Bxc3+ 9. bxc3 Qxc6 10. Bd4 Nf6 11. Bd3 Ke7 12. O-O d6 13. Qg3 e5 14. Be3
Rg8 15. f4 Be6 16. fxe5 dxe5 17. Qxe5 Nd7 18. Qh5 h6 19. Bd4 b5 20. Qh4+ f6 21.
e5 Nxe5 22. Bxe5 g5 23. Bxf6+ 1-0

[Event "World Blitz 2016"]
[Site "Doha QAT"]
[Date "2016.12.29"]
[Round "4.51"]
[White "Gashimov, Sarkhan"]
[Black "Halkias, Stelios"]
[Result "0-1"]
[BlackTitle "GM"]
[WhiteElo "2351"]
[BlackElo "2585"]
[WhiteFideId "13400657"]
[BlackFideId "4201809"]
[EventDate "2016.12.29"]

1. Nf3 c5 2. b3 d5 3. e3 a6 4. Bb2 Nc6 5. Be2 Nf6 6. O-O Bg4 7. h3 Bxf3 8. Bxf3
e6 9. c4 Be7 10. d3 O-O 11. Nc3 Rc8 12. Rc1 d4 13. exd4 cxd4 14. Na4 e5 15. a3
a5 16. Re1 Nd7 17. Rc2 Kh8 18. c5 f6 19. Qd2 Ra8 20. Ra1 Qc7 21. b4 axb4 22.
axb4 Na7 23. Bc1 Nb5 24. Rca2 Ra6 25. Qc2 f5 26. Qc4 e4 27. Be2 Rxa4 28. Qxb5
Rxa2 29. Rxa2 Ne5 30. Bf4 Nf3+ 31. Bxf3 Qxf4 32. Be2 e3 33. Bf3 Bh4 34. Qxb7
exf2+ 35. Rxf2 Qe3 36. Qc7 Qxf2+ 37. Kh2 f4 0-1

[Event "World Blitz 2016"]
[Site "Doha QAT"]
[Date "2016.12.29"]
[Round "4.52"]
[White "Atabayev, Yusup"]
[Black "Tissir, Mohamed"]
[Result "0-1"]
[WhiteTitle "IM"]
[BlackTitle "IM"]
[WhiteElo "2473"]
[BlackElo "2376"]
[WhiteFideId "14001128"]
[BlackFideId "9000240"]
[EventDate "2016.12.29"]

1. e4 c5 2. Nf3 e6 3. d4 cxd4 4. Nxd4 a6 5. Nc3 b5 6. Bd3 Qb6 7. Nf3 Qc7 8. O-O
Bb7 9. Re1 d6 10. Bg5 Nd7 11. Bh4 Ngf6 12. a3 Be7 13. Bg3 Ne5 14. Nd4 g5 15. Nb3
h5 16. Bxe5 dxe5 17. Qe2 g4 18. a4 b4 19. Nb1 h4 20. N1d2 g3 21. fxg3 hxg3 22.
h3 Nh5 23. Nc4 Nf4 24. Qe3 Rg8 25. Qb6 Qxb6+ 26. Nxb6 Rd8 27. Bf1 f6 28. Nc4 Kf7
29. Nca5 Ba8 30. Bxa6 f5 31. exf5 Bxg2 32. Rxe5 Bd5 33. fxe6+ Kf6 34. Rxd5 Rxd5
35. Rf1 Kg5 36. Rxf4 Kxf4 37. Bd3 Rxa5 38. Nxa5 Bc5+ 39. Kg2 Re8 40. Nb3 Ba7 41.
Nc1 Rxe6 42. Ne2+ Ke3 43. Nxg3 b3 44. Nf1+ Kd4 45. Bf5 Rf6 46. c3+ Ke5 47. Bd3
Rf2+ 48. Kg3 Rxb2 49. h4 Rc2 50. h5 Rxc3 51. h6 Rxd3+ 52. Kg4 b2 53. h7 Rd8 54.
Nd2 Be3 55. Nc4+ Ke4 56. Nxb2 Rh8 57. Nd1 Rxh7 58. Nc3+ Ke5 59. Kf3 Bd2 60. Nb5
Ba5 61. Ke3 Rd7 62. Na3 Bb6+ 63. Ke2 Rd4 64. Nb5 Rxa4 65. Kd3 Rb4 66. Nc3 Rd4+
67. Kc2 Ba5 68. Na2 Rc4+ 69. Kb3 Rh4 70. Nc1 Kd4 71. Ne2+ Kc5 72. Nc1 Rb4+ 73.
Kc2 Rc4+ 74. Kd1 Rd4+ 75. Kc2 Rd2+ 76. Kb3 Rd1 77. Ne2 Rd3+ 78. Ka4 Bd2 79. Ng1
Bc1 0-1

[Event "World Blitz 2016"]
[Site "Doha QAT"]
[Date "2016.12.29"]
[Round "4.53"]
[White "khayat, Abdullah F"]
[Black "Neelotpal, Das"]
[Result "0-1"]
[BlackTitle "GM"]
[WhiteElo "1732"]
[BlackElo "2463"]
[WhiteFideId "21500460"]
[BlackFideId "5003512"]
[EventDate "2016.12.29"]

1. Nf3 d5 2. d4 Nf6 3. g3 g6 4. Nbd2 Bg7 5. Bg2 O-O 6. O-O Nc6 7. Re1 Bf5 8. Nh4
Nxd4 9. Nxf5 Nxf5 10. e4 dxe4 11. Nxe4 Qxd1 12. Rxd1 Nxe4 13. Bxe4 c6 14. c3 Nd6
15. Bf4 Nxe4 16. Re1 Nf6 17. Rxe7 Nd5 18. Rxb7 Nxf4 19. gxf4 Rfb8 20. Rc7 Rxb2
21. Rxc6 Rd8 22. Re1 Rxa2 23. Rc7 a5 24. Ree7 Rf8 25. c4 Rc2 26. Red7 a4 27. Rc5
a3 28. Rd1 a2 29. Ra5 Rb2 30. Kg2 Rb1 0-1

[Event "World Blitz 2016"]
[Site "Doha QAT"]
[Date "2016.12.29"]
[Round "5.4"]
[White "Ganguly, Surya Shekhar"]
[Black "Adly, Ahmed"]
[Result "0-1"]
[WhiteTitle "GM"]
[BlackTitle "GM"]
[WhiteElo "2668"]
[BlackElo "2599"]
[WhiteFideId "5002150"]
[BlackFideId "10601619"]
[EventDate "2016.12.29"]

1. e4 c5 2. Nf3 d6 3. d4 Nf6 4. Nc3 cxd4 5. Nxd4 a6 6. h3 e5 7. Nde2 h5 8. Bg5
Be7 9. Bxf6 Bxf6 10. Nd5 Nc6 11. g3 Be6 12. c3 h4 13. g4 Bg5 14. Bg2 O-O 15. O-O
Ne7 16. f4 Bxd5 17. exd5 Qb6+ 18. Rf2 Bxf4 19. Nxf4 exf4 20. Be4 Rae8 21. Qd3
Ng6 22. Bxg6 fxg6 23. Qxg6 Re3 24. Raf1 Rxh3 25. g5 Rg3+ 26. Kh2 Qe3 27. Qe6+
Qxe6 28. dxe6 Rxg5 29. Rxf4 Rxf4 30. Rxf4 Re5 31. Rxh4 Rxe6 32. Rb4 b5 33. a4
Re5 34. Kg3 Kf7 35. c4 Re4 36. axb5 axb5 37. Rxb5 Rxc4 38. Rb7+ Kf6 39. b4 g5
40. b5 Rb4 41. b6 Ke6 42. Rb8 Kd5 43. Rg8 Rxb6 44. Kf2 Rb2+ 45. Kf3 Kc4 46. Rxg5
d5 47. Rg1 d4 48. Rc1+ Kd3 49. Rd1+ Kc3 50. Ra1 d3 51. Ra3+ Kc2 52. Ra1 Rb1 53.
Ra2+ Kb3 54. Ra8 Re1 55. Rd8 Kc2 56. Rc8+ Kd1 57. Ra8 d2 58. Rc8 Re7 59. Kf2
Rf7+ 60. Kg2 Rf5 61. Kg3 Ke2 62. Re8+ Kd3 63. Rd8+ Ke3 64. Kg2 0-1

[Event "World Blitz 2016"]
[Site "Doha QAT"]
[Date "2016.12.29"]
[Round "5.5"]
[White "Artemiev, Vladislav"]
[Black "Korobov, Anton"]
[Result "1/2-1/2"]
[WhiteTitle "GM"]
[BlackTitle "GM"]
[WhiteElo "2653"]
[BlackElo "2692"]
[WhiteFideId "24101605"]
[BlackFideId "14105730"]
[EventDate "2016.12.29"]

1. d4 Nf6 2. Nf3 e6 3. Bf4 c5 4. e3 d5 5. c3 Nc6 6. Nbd2 Bd6 7. Bg3 O-O 8. Bd3
b6 9. Qe2 Bb7 10. Rd1 h6 11. Bxd6 Qxd6 12. e4 dxe4 13. Nxe4 Nxe4 14. Bxe4 Rad8
15. dxc5 Qxc5 16. O-O Qe7 17. h3 Rxd1 18. Rxd1 Rd8 19. Rd2 Rxd2 20. Qxd2 Na5 21.
Bxb7 Nxb7 22. Qf4 Qd6 23. Qa4 Qb8 24. b4 Nd6 25. Qc6 Nf5 26. c4 g6 27. g4 Ne7
28. Qd7 Kf8 29. c5 bxc5 30. bxc5 Nd5 31. Qa4 g5 32. Qd4 Qf4 33. Qxf4 Nxf4 34.
Kh2 Nd3 35. c6 Ke7 36. Kg3 Kd6 37. h4 f6 38. Nd4 Nf4 39. hxg5 hxg5 40. Nb5+ Kxc6
41. Nxa7+ Kb6 42. Nc8+ Kc7 43. Na7 Kb6 44. Nc8+ Kc7 45. Na7 1/2-1/2